[Event "2nd IMSA Basque w 2017"]
[Site "Huai'an CHN"]
[Date "2017.12.15"]
[Round "4.1"]
[White "Paehtz, Elisabeth"]
[Black "Ushenina, Anna"]
[Result "0-1"]
[WhiteTitle "IM"]
[BlackTitle "GM"]
[WhiteElo "2464"]
[BlackElo "2416"]
[WhiteFideId "4641833"]
[BlackFideId "14110911"]
[EventDate "2017.12.14"]

1. e4 c5 2. Nf3 e6 3. d4 cxd4 4. Nxd4 Nc6 5. Nc3 Qc7 6. f4 a6 7. Nxc6 bxc6 8. e5
d5 9. exd6 Bxd6 10. Ne4 Be7 11. Bd3 Nf6 12. Qe2 O-O 13. O-O Bb7 14. b3 c5 15.
Ng5 a5 16. Bb2 h6 17. Nh3 Rfe8 18. a4 Qb6 19. Kh1 Ba6 20. Nf2 Bxd3 21. Qxd3 Red8
22. Qe2 Nd5 23. Ne4 c4 24. Qxc4 Rac8 25. Qe2 Ne3 26. Rfc1 f5 27. Nf2 Bc5 28. Nd3
Bd4 29. c3 Bf6 30. Rab1 Ng4 31. h3 Rxd3 32. hxg4 Re3 33. Qb5 Qd6 34. Rf1 fxg4
35. Rbd1 Qf8 36. Qb6 Re2 37. Rf2 Rxf2 38. Qxf2 Bxc3 39. Bxc3 Rxc3 40. Qe1 Qf6
41. Rd6 g3 42. Kg1 Rxb3 43. Rd1 Qf5 44. Qe2 Kh7 45. Rc1 Rb4 46. Rf1 Qc5+ 47. Kh1
Qc4 48. Qf3 Rxa4 49. Rd1 Qxf4 50. Qd3+ Qe4 51. Qxg3 Qh4+ 52. Qxh4 Rxh4+ 53. Kg1
Re4 54. Ra1 a4 55. Kf2 Kg6 56. Kf3 Rb4 57. Ke3 Kf5 58. Kd3 Rb2 59. g3 Rb3+ 60.
Kd4 Rxg3 61. Rf1+ Kg4 62. Ke5 g5 63. Kxe6 a3 64. Ra1 h5 65. Kf6 h4 66. Kg6 h3
67. Kh6 h2 68. Rh1 Rh3+ 69. Kg6 a2 70. Kf6 a1=Q+ 71. Rxa1 h1=Q 72. Ra4+ Kf3 73.
Ra3+ Ke2 74. Ra2+ Kd3 75. Ra3+ Kc4 76. Ra4+ Kb5 77. Rg4 Qf3+ 78. Kxg5 Rg3 79.
Rxg3 Qxg3+ 80. Kf5 0-1

[Event "2nd IMSA Basque w 2017"]
[Site "Huai'an CHN"]
[Date "2017.12.15"]
[Round "4.2"]
[White "Ushenina, Anna"]
[Black "Paehtz, Elisabeth"]
[Result "0-1"]
[WhiteTitle "GM"]
[BlackTitle "IM"]
[WhiteElo "2416"]
[BlackElo "2464"]
[WhiteFideId "14110911"]
[BlackFideId "4641833"]
[EventDate "2017.12.14"]

1. d4 d6 2. Nf3 g6 3. g3 Bg7 4. Bg2 Nf6 5. O-O O-O 6. c4 Nc6 7. Nc3 Rb8 8. Bf4
h6 9. h3 Bf5 10. Rc1 Qc8 11. g4 Bd7 12. Nd5 Ne8 13. e4 e6 14. Nc3 e5 15. dxe5
dxe5 16. Bg3 Be6 17. Nd5 Kh7 18. b4 f6 19. b5 Nd8 20. Ne1 c6 21. Ne3 Bf7 22. f4
exf4 23. Bxf4 Ra8 24. Bg3 Ne6 25. Nf3 Nc5 26. Qd4 Ne6 27. Qd2 Nc5 28. Qc2 Rg8
29. e5 Nd7 30. exf6 Nexf6 31. g5 Nh5 32. Bd6 Be6 33. Ng4 Bf5 34. Qf2 Qd8 35.
gxh6 Ndf6 36. Ng5+ Kh8 37. Nf7+ Kh7 38. Nxd8 Raxd8 39. hxg7 Rxd6 40. Nxf6+ Nxf6
41. bxc6 bxc6 42. Rfd1 Re6 43. Qxa7 Rxg7 44. Qd4 Nh5 45. Re1 Rf6 46. a4 Rff7 47.
a5 Rd7 48. a6 Rxd4 49. Bxc6 Nf4 50. Bb7 Nxh3+ 51. Kh2 Rd2+ 52. Kg3 Rd3+ 53. Kh2
Rd2+ 54. Kg3 Rd3+ 55. Kh2 Rd2+ 56. Kg3 Rd3+ 57. Kh2 Rd2+ 58. Kg3 Rgd7 59. Re3
Ra2 60. Rh1 Rd4 61. Rxh3+ Bxh3 62. Kxh3 Rxc4 63. Bd5 Rca4 64. Bxa2 Rxa2 65. Re6
Kh6 66. Kg4 Ra4+ 67. Kf3 Kh5 68. Kg3 Ra3+ 0-1

[Event "2nd IMSA Basque w 2017"]
[Site "Huai'an CHN"]
[Date "2017.12.15"]
[Round "5.1"]
[White "Zhao, Xue"]
[Black "Harika, Dronavalli"]
[Result "1-0"]
[WhiteTitle "GM"]
[BlackTitle "GM"]
[WhiteElo "2477"]
[BlackElo "2504"]
[WhiteFideId "8601283"]
[BlackFideId "5015197"]
[EventDate "2017.12.14"]

1. d4 d5 2. c4 e6 3. Nf3 Nf6 4. Nc3 Nbd7 5. cxd5 exd5 6. Bf4 c6 7. e3 Nh5 8. Bd3
Be7 9. Qc2 Nxf4 10. exf4 Nf6 11. O-O O-O 12. Rfe1 h6 13. Ne5 Bd6 14. Rad1 Bd7
15. a3 Rc8 16. Qe2 a6 17. Bb1 b5 18. b4 a5 19. Qb2 axb4 20. axb4 Ra8 21. Na2 Ra6
22. Nc1 Qc7 23. Ncd3 Rfa8 24. Rc1 Be8 25. Nc5 Ra3 26. Qc2 Qc8 27. h3 Qc7 28. Ng4
Ne4 29. Nxe4 dxe4 30. Qxe4 f5 31. Qxf5 Bf7 32. Qh7+ Kf8 33. Qh8+ Bg8 34. Nxh6
gxh6 35. Qxh6+ Kf7 36. Bg6+ 1-0

[Event "2nd IMSA Basque w 2017"]
[Site "Huai'an CHN"]
[Date "2017.12.15"]
[Round "5.2"]
[White "Harika, Dronavalli"]
[Black "Zhao, Xue"]
[Result "1/2-1/2"]
[WhiteTitle "GM"]
[BlackTitle "GM"]
[WhiteElo "2504"]
[BlackElo "2477"]
[WhiteFideId "5015197"]
[BlackFideId "8601283"]
[EventDate "2017.12.14"]

1. c4 Nf6 2. Nc3 e5 3. Nf3 Nc6 4. e3 Be7 5. Qb3 O-O 6. Be2 Re8 7. O-O d6 8. d3
Bf8 9. Bd2 Rb8 10. Rac1 g6 11. Rfe1 Bg7 12. h3 h6 13. Nd5 Be6 14. Bc3 Nh7 15.
Qc2 Qd7 16. b4 Nd8 17. e4 c6 18. Ne3 f5 19. Rcd1 f4 20. Nf1 Qf7 21. Bb2 g5 22.
d4 h5 23. N3h2 Qg6 24. f3 Nf7 25. c5 dxc5 26. bxc5 Rbd8 27. Bc4 exd4 28. Nd2 Ne5
29. Bxe6+ Qxe6 30. Nb3 d3 31. Qc1 d2 32. Rxd2 Rxd2 33. Bxe5 Rxa2 34. Bxg7 Qxb3
35. Bd4 Rd8 36. Qc3 Qxc3 37. Bxc3 Rc2 38. Bb4 Rd4 39. Rb1 Rdc4 40. Nf1 Ra2 41.
Bd2 Rxc5 42. Rxb7 Rcc2 43. Rb8+ Kf7 44. Rb7+ Kg6 45. Rd7 Nf6 46. Rd6 Kf7 47. h4
gxh4 48. Kf2 a5 49. Ke2 Ke7 50. Rd3 Ra1 51. Rb3 a4 52. Rb7+ Ke6 53. Kd3 Rca2 54.
Ke2 Rxf1 1/2-1/2

[Event "2nd IMSA Basque w 2017"]
[Site "Huai'an CHN"]
[Date "2017.12.15"]
[Round "5.1"]
[White "Ushenina, Anna"]
[Black "Lagno, Kateryna"]
[Result "1/2-1/2"]
[WhiteTitle "GM"]
[BlackTitle "GM"]
[WhiteElo "2416"]
[BlackElo "2547"]
[WhiteFideId "14110911"]
[BlackFideId "14109336"]
[EventDate "2017.12.14"]

1. Nf3 Nf6 2. c4 c5 3. Nc3 Nc6 4. e3 e6 5. b3 d5 6. cxd5 exd5 7. Bb2 d4 8. Na4
d3 9. Rc1 Ne4 10. Ne5 Nxe5 11. Bxe5 Qd5 12. Ba1 b6 13. f3 Qh5 14. Rc4 Nd6 15.
Rf4 Ba6 16. Qb1 Qg6 17. Rg4 Qf5 18. e4 Qd7 19. Bxd3 Bxd3 20. Qxd3 c4 21. Qd5 Rd8
22. O-O cxb3 23. axb3 Rg8 24. Rc1 Qe6 25. Qc6+ Qd7 26. d4 Qxc6 27. Rxc6 f6 28.
d5 Be7 29. e5 fxe5 30. Bxe5 Nf7 31. Re4 Rxd5 32. Bb8 Rd7 33. Nc3 Ng5 34. Rf4
Bc5+ 35. Kf1 Ke7 36. Be5 Nf7 37. Re4 Nxe5 38. Rxe5+ Kd8 39. Ne4 Bd4 40. Ree6 Re8
41. Rxe8+ Kxe8 42. Ke2 Ke7 43. h4 a5 44. g4 Rd5 45. h5 h6 46. Ng3 Bf6 47. Ne4
Rb5 48. Nd2 Bg5 49. Rc7+ Kf8 50. Rc8+ Kf7 51. Rc7+ Kg8 52. Rc8+ Kf7 53. Rc7+ Kf8
54. Rc8+ Kf7 55. Rc7+ Kf8 56. Rc8+ Kf7 57. Rc7+ Kf8 58. Rc8+ 1/2-1/2

[Event "2nd IMSA Basque w 2017"]
[Site "Huai'an CHN"]
[Date "2017.12.15"]
[Round "5.2"]
[White "Lagno, Kateryna"]
[Black "Ushenina, Anna"]
[Result "0-1"]
[WhiteTitle "GM"]
[BlackTitle "GM"]
[WhiteElo "2547"]
[BlackElo "2416"]
[WhiteFideId "14109336"]
[BlackFideId "14110911"]
[EventDate "2017.12.14"]

1. e4 c5 2. Nf3 e6 3. d4 cxd4 4. Nxd4 Nc6 5. Nc3 Qc7 6. Be2 a6 7. O-O Nf6 8. Be3
d6 9. f4 Be7 10. Qe1 O-O 11. Qg3 Nxd4 12. Bxd4 b5 13. a3 Bb7 14. Kh1 Rad8 15.
Bd3 Bc6 16. Rae1 Qd7 17. Bb6 Rb8 18. Be3 b4 19. axb4 Rxb4 20. e5 dxe5 21. fxe5
Nh5 22. Qh3 Rh4 23. Qxh4 Bxh4 24. Be2 Bxe1 25. Rxe1 g6 26. Kg1 Ng7 27. b3 Qb7
28. Bf1 Nf5 29. Bf2 Qb4 30. Ne2 Rd8 31. Ra1 a5 32. Be1 Qc5+ 33. Bf2 Qxe5 34. c3
Be4 35. Re1 Qb8 36. Nc1 Bc6 37. c4 a4 38. bxa4 Bxa4 39. c5 Bb5 40. Ne2 Rd2 41.
Rb1 Qe8 42. Re1 h5 43. Nc3 Bxf1 44. Rxf1 Qc6 45. Re1 Nd4 46. Rf1 Ne2+ 47. Nxe2
Rxe2 48. Rd1 Kh7 49. h3 Qe4 50. Rf1 Rb2 51. Re1 Rb1 52. Rxb1 Qxb1+ 53. Kh2 Qe4
54. Kg1 f5 55. Kh2 g5 56. Kg1 h4 57. Kf1 Kg6 58. Be1 Qc4+ 59. Kg1 Qxc5+ 0-1

[Event "2nd IMSA Basque w 2017"]
[Site "Huai'an CHN"]
[Date "2017.12.15"]
[Round "5.1"]
[White "Muzychuk, Anna"]
[Black "Ju, Wenjun"]
[Result "1-0"]
[WhiteTitle "GM"]
[BlackTitle "GM"]
[WhiteElo "2582"]
[BlackElo "2567"]
[WhiteFideId "14111330"]
[BlackFideId "8603006"]
[EventDate "2017.12.14"]

1. e4 e5 2. Nf3 Nf6 3. Nc3 Bb4 4. Nxe5 O-O 5. Nd3 Bxc3 6. dxc3 Nxe4 7. Be2 d6 8.
O-O Nd7 9. f3 Nec5 10. b3 Re8 11. Bb2 b6 12. Qd2 Bb7 13. c4 Ne6 14. Rae1 Qg5 15.
Qxg5 Nxg5 16. Nf4 Ne6 17. Nd5 c5 18. f4 Bxd5 19. cxd5 Nc7 20. Bg4 Rad8 21. Rxe8+
Nxe8 22. Bf3 Nc7 23. g4 Re8 24. a4 f6 25. h4 a6 26. Kf2 Re7 27. c4 a5 28. Bd1
Na6 29. Bc2 Nf8 30. h5 Kf7 31. g5 fxg5 32. fxg5 Kg8 33. g6 hxg6 34. hxg6 Nc7 35.
Bf5 Nd7 36. Bc3 Nf6 37. Kf3 Nfe8 38. Bd2 Re5 39. Bd3 Re7 40. Bf4 Na6 41. Bf5
Nac7 42. Rh1 Na6 43. Be6+ Rxe6 44. dxe6 Kf8 45. Bg5 Kg8 46. Ke4 Nac7 47. e7 Ne6
48. Bh4 N6c7 49. Rf1 1-0

[Event "2nd IMSA Basque w 2017"]
[Site "Huai'an CHN"]
[Date "2017.12.15"]
[Round "5.2"]
[White "Ju, Wenjun"]
[Black "Muzychuk, Anna"]
[Result "0-1"]
[WhiteTitle "GM"]
[BlackTitle "GM"]
[WhiteElo "2567"]
[BlackElo "2582"]
[WhiteFideId "8603006"]
[BlackFideId "14111330"]
[EventDate "2017.12.14"]

1. d4 Nf6 2. c4 g6 3. g3 c5 4. d5 Bg7 5. Bg2 d6 6. Nc3 O-O 7. Nf3 e6 8. O-O exd5
9. cxd5 Re8 10. Re1 a6 11. a4 Ne4 12. Nxe4 Rxe4 13. Qc2 Rb4 14. e4 a5 15. Rb1
Bd7 16. b3 c4 17. bxc4 Bxa4 18. Qa2 Rxb1 19. Qxb1 Nd7 20. Be3 Qc7 21. Qa2 b5 22.
cxb5 Qc2 23. Qa3 Bxb5 24. Qxd6 a4 25. e5 Bf8 26. Rc1 Qxc1+ 27. Bxc1 Bxd6 28.
exd6 a3 29. h3 a2 30. Bb2 a1=Q+ 31. Bxa1 Rxa1+ 32. Kh2 Ra6 33. Nd4 Bc4 34. Nc6
Kg7 35. g4 g5 36. Kg3 Kf6 37. Be4 h6 38. h4 Ra3+ 39. f3 Bd3 40. hxg5+ hxg5 0-1

[Event "2nd IMSA Basque w 2017"]
[Site "Huai'an CHN"]
[Date "2017.12.15"]
[Round "5.1"]
[White "Muzychuk, Mariya"]
[Black "Dzagnidze, Nana"]
[Result "1/2-1/2"]
[WhiteTitle "GM"]
[BlackTitle "GM"]
[WhiteElo "2544"]
[BlackElo "2522"]
[WhiteFideId "14114550"]
[BlackFideId "13601903"]
[EventDate "2017.12.14"]

1. e4 c5 2. Nf3 e6 3. d4 cxd4 4. Nxd4 a6 5. c4 Nf6 6. Nc3 Qc7 7. a3 Nc6 8. Be2
b6 9. Be3 Bb7 10. f3 Nxd4 11. Bxd4 Bd6 12. Qb3 Bxh2 13. Qxb6 Bg3+ 14. Kd2 Qxb6
15. Bxb6 d5 16. exd5 exd5 17. Bd4 dxc4 18. Bxf6 gxf6 19. Bxc4 h5 20. Rad1 h4 21.
Kc2 Rc8 22. Bxf7+ Ke7 23. Bd5 Bc6 24. Rd3 Bxd5 25. Rxd5 Rhg8 26. Rhd1 Bf4 27.
Re1+ Kf7 28. Re2 Be5 29. Rd7+ Kg6 30. Kd3 Kf5 31. Rh7 Rgd8+ 32. Kc2 Rh8 33. Rxh8
Rxh8 34. Nd5 Rc8+ 35. Kd3 Rd8 36. Kc4 Rc8+ 37. Kd3 Rd8 38. Kc4 Rc8+ 39. Kd3 1/2-1/2

[Event "2nd IMSA Basque w 2017"]
[Site "Huai'an CHN"]
[Date "2017.12.15"]
[Round "5.2"]
[White "Dzagnidze, Nana"]
[Black "Muzychuk, Mariya"]
[Result "1/2-1/2"]
[WhiteTitle "GM"]
[BlackTitle "GM"]
[WhiteElo "2522"]
[BlackElo "2544"]
[WhiteFideId "13601903"]
[BlackFideId "14114550"]
[EventDate "2017.12.14"]

1. Nf3 c5 2. c4 Nc6 3. g3 g6 4. Bg2 Bg7 5. Nc3 e6 6. O-O Nge7 7. d4 cxd4 8. Nb5
d5 9. cxd5 Nxd5 10. Nfxd4 O-O 11. e4 Nxd4 12. Nxd4 Nb6 13. Nb3 Bd7 14. e5 Bxe5
15. Bxb7 Rb8 16. Bg2 Bb5 17. Qxd8 Rfxd8 18. Re1 Nc4 19. Bf1 Bxb2 20. Bxc4 Bxa1
21. Bxb5 Bc3 22. Re3 Rd1+ 23. Kg2 Rxc1 24. Nxc1 Bd2 25. Rd3 Bxc1 26. a4 a5 27.
Rd7 Ba3 28. Ra7 Bb4 29. Bc6 Kg7 30. h4 Rd8 31. Bd7 Kf6 32. Rb7 Bc5 33. Kf3 h5
34. Ke2 Ke5 35. Bb5 f5 36. Bd7 f4 37. Bc6 fxg3 38. fxg3 Rf8 39. Bf3 Kf6 40. Rb5
Bb4 41. Be4 Rd8 42. Rg5 Rg8 43. g4 hxg4 44. Rxg4 Rg7 45. Bd3 e5 46. Be4 Bc3 47.
Bd3 Bd4 48. Be4 Bc5 49. Bd3 Bd4 1/2-1/2

[Event "2nd IMSA Basque w 2017"]
[Site "Huai'an CHN"]
[Date "2017.12.15"]
[Round "5.1"]
[White "Tan, Zhongyi"]
[Black "Paehtz, Elisabeth"]
[Result "0-1"]
[WhiteTitle "GM"]
[BlackTitle "IM"]
[WhiteElo "2517"]
[BlackElo "2464"]
[WhiteFideId "8603642"]
[BlackFideId "4641833"]
[EventDate "2017.12.14"]

1. d4 e6 2. Nf3 f5 3. g3 b6 4. Bg2 Bb7 5. O-O Nf6 6. c4 g6 7. Nc3 Bg7 8. d5 Na6
9. Rb1 Nc5 10. Nd2 a5 11. b3 O-O 12. Bb2 e5 13. a3 e4 14. b4 axb4 15. axb4 Na6
16. Qb3 e3 17. fxe3 Ng4 18. Nd1 Bxb2 19. Rxb2 d6 20. Nf3 Qe7 21. Nd4 Bc8 22. Ra2
Bd7 23. Ne6 Rfe8 24. Nf2 Nxf2 25. Rxf2 c5 26. e4 fxe4 27. b5 Nb4 28. Rxa8 Rxa8
29. Bxe4 Bxe6 30. dxe6 Ra1+ 31. Kg2 Qxe6 32. Qf3 Qe7 33. Qg4 Kg7 34. h4 Rc1 35.
Bxg6 hxg6 36. h5 g5 37. Qf5 Rc2 38. Qg6+ Kh8 39. h6 Qb7+ 40. Kh2 Qe7 41. Kh3
Rxc4 42. g4 Nd5 43. Qf5 Nf4+ 44. Kh2 Re4 45. Qc8+ Kh7 46. Kh1 Rxe2 47. Qf5+ Kxh6
48. Rxf4 gxf4 49. g5+ Kg7 0-1

[Event "2nd IMSA Basque w 2017"]
[Site "Huai'an CHN"]
[Date "2017.12.15"]
[Round "5.2"]
[White "Paehtz, Elisabeth"]
[Black "Tan, Zhongyi"]
[Result "0-1"]
[WhiteTitle "IM"]
[BlackTitle "GM"]
[WhiteElo "2464"]
[BlackElo "2517"]
[WhiteFideId "4641833"]
[BlackFideId "8603642"]
[EventDate "2017.12.14"]

1. e4 d6 2. d4 Nf6 3. Nc3 g6 4. f4 Bg7 5. Nf3 c5 6. dxc5 Qa5 7. Qd4 O-O 8. Qc4
Nxe4 9. Qxe4 Bxc3+ 10. Kf2 Qxc5+ 11. Be3 Qb4 12. Bc4 Qxb2 13. Rab1 Bf5 14. Qxf5
gxf5 15. Rxb2 Bxb2 16. Rb1 Bf6 17. Rxb7 Nc6 18. Bd5 Rac8 19. h3 e6 20. Bb3 Rb8
21. Rc7 Rfc8 22. Rd7 Rd8 23. Rc7 Rbc8 24. Rb7 d5 25. g4 fxg4 26. hxg4 d4 27. Bd2
d3 28. cxd3 Rxd3 29. Be1 Nd4 30. Nxd4 Bxd4+ 31. Kg2 Rc1 32. Ba5 Rg1+ 33. Kh2
Rxg4 34. Rb8+ Kg7 35. Bd8 Bg1+ 36. Kh1 Rh3# 0-1